UITU Library & LRC     

The Scientist and Engineer's Guide to Digital Signal Processing (Record no. 6995)

MARC details
000 -LEADER
fixed length control field 00506nam a2200181Ia 4500
008 - FIXED-LENGTH DATA ELEMENTS--GENERAL INFORMATION
fixed length control field 240925s9999 xx 000 0 und d
020 ## - INTERNATIONAL STANDARD BOOK NUMBER
International Standard Book Number 966017676
082 ## - DEWEY DECIMAL CLASSIFICATION NUMBER
Classification number 621.3822 SMI
100 ## - MAIN ENTRY--PERSONAL NAME
Personal name Steven , W. Smith
245 #4 - TITLE STATEMENT
Title The Scientist and Engineer's Guide to Digital Signal Processing
250 ## - EDITION STATEMENT
Edition statement 2nd
260 ## - PUBLICATION, DISTRIBUTION, ETC.
Place of publication, distribution, etc. California:
Name of publisher, distributor, etc. McGraw-Hill
Date of publication, distribution, etc. ,1999.
300 ## - PHYSICAL DESCRIPTION
Extent viii,341p.
Other physical details 1
Type of unit Pirated
500 ## - GENERAL NOTE
General note Includes Index
600 ## - SUBJECT ADDED ENTRY--PERSONAL NAME
Personal name Telecommunication Engineering
650 ## - SUBJECT ADDED ENTRY--TOPICAL TERM
Topical term or geographic name entry element Technology
942 ## - ADDED ENTRY ELEMENTS (KOHA)
Koha item type Books
Holdings
Withdrawn status Lost status Damaged status Not for loan Collection Home library Current library Date acquired Source of acquisition Total checkouts Full call number Barcode Date last seen Price effective from Koha item type
        Electrical Engineering UITU Library UITU Library 06/08/2002 Uit Director   621.3822 SMI Q4496 09/25/2024 09/25/2024 Books

Powered by Koha